01168nabaa22001937a 4500003000400000005001700004008004100021040000700062100002700069245015900096300001300255500003700268505038300305505008900688650002700777650002900804650002700833773011400860OSt20260125000955.0190701b xxu||||| |||| 00| 0 spa d cPJ aGambarini, Juan Pablo 13aLos derechos de los licenciatarios de servicios de TIC en la República Argentina, en un contexto de convergencia tecnológica /cJuan Pablo Gambarini.  ap. 36-66 aCita: TR LALEY AR/DOC/1655/2024  aSumario: I. Introducción.— II. Servicios de tecnologías de la información y las comunicaciones (servicios de TIC).— III. Marco normativo.— IV. Licencias y licenciatarios.— V. El inicio de las actividades. El ejercicio de los derechos de los licenciatarios y sus efectos.— VI. Los derechos de los licenciatarios frente al dominio público.— VII. Conclusión.  t¿Te interesa el texto completo? Comunicate al correo: koha@justierradelfuego.gov.ar 0aDERECHO ADMINISTRATIVO 0aBIEN DEL DOMINIO PUBLICO 0aLICENCIA DE TECNOLOGIA0 02842dBuenos Aires : AbeledoPerrot, 2012-oDA121tDerecho administrativo. Nº 154 julio/agosto 2024z18510590